000 00293nam a22001337a 4500
008 170308b xxu||||| |||| 00| 0 eng d
020 _a9780805359138
041 _aeng
080 _22nd
_a611
100 _a6
101 _ashm
245 _aANATOMY & PHYSIOLOGY
_cMARIEB, E.N
942 _2udc
_cBK
999 _c7168
_d7168